000 01472nam a2200349 a 4500
001
003 DO-SdBNP
005 20240619102935.0
008 130826s2008 ag a 000 0 spa d
020 _a9789974680142.
040 _aDO-SdBNP
_bspa
_cBPMSU
082 _a372.63
_bP149e 2008
_222
245 0 0 _aEl país de la escritura /
_credación e investigación María Teresa Forero ; ilustraciones de Jorge Fornieles, Damián Zain
246 1 4 _aEl país de la escritura :
_bcómo dominar las reglas ortográficas y escribir sin errores
250 _a
260 _aBuenos Aires, República de Argentina :
_b Cultural Librera Americana,
_c 2008
300 _a352 p. :
_bils. ;
_c27 cm.
490 0 _aBiblioteca Talleres Prácicos
500 _a
504 _aBibliografía p: 297-298
520 _aUn auténtico libro-taller organizado como taller de ortografía que invita a los niños de edad escolar a incorporar los conocimientos ortográficos de una manera ingeniosa y divertida a través de variados juegos lingüístico
590 _aInventariado, 2024/VM
_6
648 4 _a
650 4 _aEspañol
_xOrtografía
_xEnseñanza primaria
650 4 _aEscritura
_xEnseñanza
650 4 _aJuegos didácticos
700 1 _aFornieles, Jorge
_eilustraciones
700 1 _aZain, Damián
_eilustraciones
700 1 _aForero, María Teresa
_eredacción e investigación
910 _aVMateo V. Control de calidad. BPMSU
942 _2ddc
_cBK
999 _c14678
_d14678